000 00600nam a2200265Ia 4500
005 20260306163700.0
008 008 260114s9999 xx 000 0 eng d
020 _a9780252096754
037 _aEBOOK
040 _aCRL
040 _beng
040 _cCRL
041 _2eng
041 _aeng
084 _qCRL
100 _aNagar
_9507380
245 0 _aMuddying The Waters
260 _bUniversity of Illinois Press
260 _c2017
650 _aSocial Work
856 _uhttps://academic.oup.com/book/22663
942 _cEBOOK
999 _c1711066
_d1711066